| 000 | 00373nam a2200145Ia 4500 | ||
|---|---|---|---|
| 008 | 230917s9999||||xx |||||||||||||| ||und|| | ||
| 040 |
_e85561 _aMAIN |
||
| 041 | _aEnglish | ||
| 082 | _a005.133 H78C | ||
| 100 | _aHorstmann, Cay S | ||
| 245 | 0 | _aCore Java: Advanced features. V2 | |
| 260 |
_aNew Delhi _bPearson Education _c2003 |
||
| 300 | _axxvi, 1204 p. | ||
| 942 | _cBK | ||
| 999 |
_c115382 _d115382 |
||